00498nam a2200181 a 4500001001300000003000900013005001700022008004100039020000900080082001800089100001500107245008600122260003200208300000800240500003500248650001800283700001500301nice12345678IN_TiNIC20260116014807.0110111s2009 newa grp 000 0 eng  ac9000a341.7588bNAV aNavdanya,  aBiopiracy of Climate Resilient Cropsb Gene Giants Steal Farmer`s Innovation..... aNew Delhi bNavdanya c2009 a64p aincludes index and biblioraphy aGlobalization1 aNavdanya,